AH International Schools' Libraries

Middle school: (Record no. 49675)

MARC details
000 -LEADER
fixed length control field 00428nam a2200133 4500
020 ## - INTERNATIONAL STANDARD BOOK NUMBER
International Standard Book Number 9780099596462
100 ## - MAIN ENTRY--PERSONAL NAME
Personal name Patterson, James.
9 (RLIN) 66041
245 ## - TITLE STATEMENT
Title Middle school:
Remainder of title just my rotten luck /
Statement of responsibility, etc James Patterson and Chris Tebbetts.
490 ## - SERIES STATEMENT
Series statement Middle school; 7
650 ## - SUBJECT ADDED ENTRY--TOPICAL TERM
Topical term or geographic name as entry element Middle school life.
Form subdivision Fiction.
9 (RLIN) 86792
700 ## - ADDED ENTRY--PERSONAL NAME
Relator code author.
Personal name Chris Tebbetts.
9 (RLIN) 83561
700 ## - ADDED ENTRY--PERSONAL NAME
Relator code illustrator.
Personal name Laura Park.
9 (RLIN) 83562
942 ## - ADDED ENTRY ELEMENTS (KOHA)
Source of classification or shelving scheme
Koha item type J FIC BOOKS
Holdings
Withdrawn status Lost status Source of classification or shelving scheme Damaged status Not for loan Collection code Home library Current library Shelving location Date acquired Total Checkouts Total Renewals Full call number Barcode Date last seen Date checked out Price effective from Koha item type
          SECONDARY Asian Hope Secondary Library Asian Hope Secondary Library Junior Fiction 10/27/2025 3 1 J FIC PAT 208775 03/12/2026 02/26/2026 10/27/2025 J FIC BOOKS

For any Logos Library related questions please contact Miss Art at swongnarasuk@asianhope.org.

For any Asian Hope Library related questions please contact Miss Raza at graza@asianhope.org.

Powered by Koha